Online
Catalog

Evaluación de cuatro décadas de privatización de pensiones en América Latina (1980-2020) : (Record no. 50715)

MARC details
000 -CABECERA
campo de control de longitud fija 00741nam a22002057a 4500
003 - IDENTIFICADOR DEL NÚMERO DE CONTROL
campo de control DO-SdBNP
005 - FECHA Y HORA DE LA ÚLTIMA TRANSACCIÓN
campo de control 20220531084023.0
007 - CAMPO FIJO DE DESCRIPCIÓN FÍSICA--INFORMACIÓN GENERAL
campo de control de longitud fija ta
008 - DATOS DE LONGITUD FIJA--INFORMACIÓN GENERAL
campo de control de longitud fija 211006b2021 dr ad||| |||| 00| 0 spa d
020 ## - NÚMERO INTERNACIONAL ESTÁNDAR DEL LIBRO
Número Internacional Estándar del Libro 9789945927887
040 ## - FUENTE DE LA CATALOGACIÓN
Centro catalogador/agencia de origen DO-SdBNP
Lengua de catalogación spa
Centro/agencia transcriptor BNPHU
100 1# - ENTRADA PRINCIPAL--NOMBRE DE PERSONA
Nombre de persona Mesa-Lago, Carmelo
9 (RLIN) 30930
245 10 - MENCIÓN DE TÍTULO
Título Evaluación de cuatro décadas de privatización de pensiones en América Latina (1980-2020) :
Resto del título promesas y realidades /
Mención de responsabilidad, etc. Carmelo Mesa-Lago.
260 ## - PUBLICACIÓN, DISTRIBUCIÓN, ETC.
Lugar de publicación, distribución, etc. Santo Domingo :
Nombre del editor, distribuidor, etc. Fundación Friedrich Ebert (República Dominicana)
Fecha de publicación, distribución, etc. 2021.
300 ## - DESCRIPCIÓN FÍSICA
Extensión 152 p. :
Otras características físicas il., gráf. ;
Dimensiones 25 cm.
500 ## - NOTA GENERAL
Nota general Incluye datos biográficos del autor en la página 7
590 ## - NOTA LOCAL (RLIN)
Nota local Inventariado, 2021 /LP<br/><br/>
910 ## - DATOS DE OPCIÓN DEL USUARIO (OCLC)
Datos de opción del usuario Lopérez
942 ## - ELEMENTOS DE PUNTO DE ACCESO ADICIONAL (KOHA)
Fuente del sistema de clasificación o colocación Dewey Decimal Classification
Tipo de ítem Koha Libro
Holdings
Estado de retiro Estado de pérdida Fuente del sistema de clasificación o colocación No para préstamo Código de colección Localización permanente Ubicación/localización actual Fecha de adquisición Fuente de adquisición Total de préstamos Código de barras Fecha visto por última vez Precio válido a partir de Tipo de ítem Koha Ubicación en estantería Número de copia
    Dewey Decimal Classification Excluido de préstamo Patrimonio Dominicano Biblioteca Nacional Pedro Henríquez Ureña Biblioteca Nacional Pedro Henríquez Ureña 06.10.2021 Depósito Legal   2021-27251 06.10.2021 06.10.2021 Libro y Folleto Colección Patrimonio Dominicano    
    Dewey Decimal Classification Excluido de préstamo Patrimonio Dominicano Biblioteca Nacional Pedro Henríquez Ureña Biblioteca Nacional Pedro Henríquez Ureña 06.10.2021 Depósito Legal   2021-27252 06.10.2021 06.10.2021 Libro y Folleto Colección Patrimonio Dominicano Depósito e.2
    Dewey Decimal Classification Préstamo en sala Dominicana de Servicio Biblioteca Nacional Pedro Henríquez Ureña Biblioteca Nacional Pedro Henríquez Ureña 06.10.2021 Depósito Legal   2021-27253 06.10.2021 06.10.2021 Libro y Folleto Colección Dominicana de Servicio Depósito e.3

Powered by Koha